LEADER 05589nam 2200709 a 450 001 9910461842503321 005 20200520144314.0 010 $a1-280-87859-2 010 $a9786613719904 010 $a0-8213-9610-2 035 $a(CKB)2670000000208511 035 $a(EBL)953211 035 $a(OCoLC)798536277 035 $a(SSID)ssj0000676932 035 $a(PQKBManifestationID)12288360 035 $a(PQKBTitleCode)TC0000676932 035 $a(PQKBWorkID)10693923 035 $a(PQKB)11051744 035 $a(MiAaPQ)EBC953211 035 $a(Au-PeEL)EBL953211 035 $a(CaPaEBR)ebr10578612 035 $a(CaONFJC)MIL371990 035 $a(EXLCZ)992670000000208511 100 $a20120518d2012 uf 0 101 0 $aeng 135 $aur|n|---||||| 181 $ctxt 182 $cc 183 $acr 200 00$aCarbon capture and storage in developing countries$b[electronic resource] $ea perspective on barriers to deployment /$fNatalia Kulichenko, Eleanor Ereira 210 $aWashington, D.C. $cWorld Bank$d2012 215 $a1 online resource (192 p.) 225 1 $aWorld Bank Studies 300 $a"World Bank study." 311 $a0-8213-9609-9 320 $aIncludes bibliographical references. 327 $aContents; Foreword; Acknowledgments; Acronyms and Abbreviations; Units of Measure; Executive Summary; Potential CCS Deployment in the Power Sector in Southern Africa and the Balkans; Assessment of Legal and Regulatory Frameworks Applicable to Potential CCS Deployment in Southern Africa and the Balkans; The Role of Climate Finance Sources to Accelerate Carbon Capture and Storage Deployment in Developing Countries; Finance Structures and Their Impacts on Levelized Cost of Electricity for Power Plants with CCS; Conclusions; Note; Reference; Chapter 1 Introduction; References 327 $aChapter 2 Technology Overview and Status of CCS DevelopmentCCS Technology; Figures; Figure 2.1: Diagram of a Power Plant with CCS with Offshore Storage and Enhanced Oil Recovery; Economics; Tables; Table 2.1: Active Large-Scale Integrated CCS Projects; Figure 2.2: Comparison of Studies of LCOE Increase and Net Efficiency Decrease for Post-Combustion Power Plants with CCS; Notes; References; Chapter 3 Techno-Economic Assessment of Carbon Capture and Storage Deployment in the Power Sector in the Southern African and Balkan Regions; Overview of Results; Table 3.1: Summary of Findings 327 $aMethodologySouthern African Region; Figure 3.1: Electricity Generation for Southern African Region-Reference Scenario; Figure 3.2: Electricity Generation for Southern African Region-Baseline Scenario; Figure 3.3: Electricity Generation Portfolio for Southern African Region-US100/Ton CO2 Price Scenario; Figure 3.4: Cumulative CO2 Storage for Southern African Region-US100/Ton CO2 Scenario; Table 3.2: Summary of Installed Capacity in 2030 for the Southern African Region (MW); Figure 3.5: Summary of Results for Southern African Region, 2030 327 $aFigure 3.6: Comparison of Average Generation Costs across Scenarios for the Southern African RegionFigure 3.7: Comparison of Annual CO2 Emissions across Scenarios for the Southern African Region; The Balkan Region; Figure 3.8: Electricity Generation for the Balkan Region-Reference Scenario; Figure 3.9: CO2 Emissions for the Balkan Region-Reference Scenario; Figure 3.10: Share of CCS in Coal-Based Power Generation in the Balkan Region-Reference Scenario with EOR/ECBM Benefits; Figure 3.11: Share of CCS-Based Generation in the Balkan Region-US100/Ton CO2 Price Scenario 327 $aFigure 3.12: CO2 Stored in the Balkan Region-US100/Ton CO2 Price ScenarioFigure 3.13: CO2 Emissions for the Balkan Region-US100/Ton CO2 Price Scenario; Figure 3.14: Comparison of Average Generation Costs across Scenarios for the Balkan Region; Table 3.3: Summary of Installed Capacity in 2030 for the Balkan Region (MW); Figure 3.15: Comparison of Total CO2 Emissions across Scenarios for the Balkan Region; Notes; References; Chapter 4 Addressing the Legal and Regulatory Barriers in Developing Countries; Key International and Multilateral Legal Instruments Relevant to CCS Projects; Boxes 327 $aBox 4.1: Key Findings and Recommendations 330 $aCarbon Capture and Storage (CCS) technology could provide a technological bridge for achieving near to midterm GHG emission reduction goals. Integrated CCS technology is still under development and has noteworthy challenges, which would be possible to overcome through the implementation of large-scale demonstration projects. In order to assist developing countries to better understand issues related to potential technology deployment, there is a need to start analyzing various numerous challenges facing CCS within the economic and legal context of developing countries and countries in transiti 410 0$aWorld Bank Studies 606 $aCarbon sequestration$zDeveloping countries 606 $aCarbon dioxide mitigation$zDeveloping countries 606 $aEnvironmental policy$zDeveloping countries 608 $aElectronic books. 615 0$aCarbon sequestration 615 0$aCarbon dioxide mitigation 615 0$aEnvironmental policy 676 $a628.5/32 701 $aKulichenko$b Natalia$01037015 701 $aEreira$b Eleanor$01037016 712 02$aWorld Bank. 801 0$bMiAaPQ 801 1$bMiAaPQ 801 2$bMiAaPQ 906 $aBOOK 912 $a9910461842503321 996 $aCarbon capture and storage in developing countries$92457684 997 $aUNINA LEADER 05934oam 2200517 450 001 9910741174603321 005 20190911103509.0 010 $a1-4302-4834-3 024 7 $a10.1007/978-1-4302-4834-7 035 $a(OCoLC)857814759 035 $a(MiFhGG)GVRL6VEE 035 $a(EXLCZ)992670000000406449 100 $a20140514d2013 uy 0 101 0 $aeng 135 $aurun|---uuuua 181 $ctxt 182 $cc 183 $acr 200 10$aSharePoint 2013 user's guide $elearning Microsoft's business collaboration platform /$fTony Smith 205 $a4th ed. 2013. 210 1$aNew York :$cApress,$d2013. 215 $a1 online resource (xxv, 507 pages) $cillustrations (some color) 225 0 $aExpert's voice in SharePoint SharePoint 2013 user's guide 300 $aIncludes index. 311 $a1-4302-4833-5 327 $a""Contents at a Glance""; ""Contents""; ""About the Author""; ""About the Technical Reviewer""; ""Acknowledgments""; ""Introduction""; ""Chapter 1: Introduction to SharePoint Technologies""; ""What Is Microsoft SharePoint 2013""; ""Locally Hosted SharePoint""; ""Office 365, Cloud-Hosted SharePoint""; ""The Evolution of SharePoint""; ""Exploring Whata???s New in SharePoint 2013""; ""Understanding the Value of SharePoint 2013""; ""SharePoint Building Blocks""; ""Chapter 2: Understanding Sites""; ""Understanding Site Collections and Sites""; ""Site Structures and Layouts""; ""My Site Menu"" 327 $a""User Menu""""Settings Menu""; ""Ribbon""; ""Social Tools""; ""Page Management Tools""; ""Navigation Bar""; ""Search Bar""; ""Quick Launch Navigation""; ""Content Area""; ""Standard Site Templates""; ""Collaboration""; ""Team Site Template""; ""Blog Template""; ""Project Site Template""; ""Community Site Template""; ""Enterprise""; ""Basic Search Center Template""; ""Document Center Template""; ""Records Center Template""; ""Business Intelligence Center Template""; ""Enterprise Search Center Template""; ""Visio Process Repository Template""; ""Publishing""; ""Publishing Site Template"" 327 $a""Publishing Site with Workflow Template""""Enterprise Wiki Template""; ""SharePoint Portal Templates""; ""Developer Site""; ""eDiscovery Center""; ""Community Portal""; ""Publishing Portal""; ""Product Catalog""; ""Chapter 3: Working with Sites""; ""Navigating the SharePoint Environment""; ""Navigating Within a Site""; ""Navigating Sites with Mobile Devices""; ""Using the Ribbon""; ""Creating Sites""; ""Deleting Sites""; ""Managing Site Security""; ""Managing SharePoint Groups""; ""Creating SharePoint Groups""; ""Editing SharePoint Groups""; ""Deleting SharePoint Groups"" 327 $a""Adding Users to SharePoint Groups""""Removing Users from a SharePoint Group""; ""Viewing SharePoint Group Permissions""; ""Changing Permission Inheritance for a Site""; ""Managing Permission Levels""; ""Adding Permission Levels""; ""Creating a New Permission Level As a Copy of an Existing Permission Level""; ""Edit Existing Permission Levels""; ""Deleting Existing Permission Levels""; ""Managing Site Collection Administrators""; ""Changing Site Details""; ""Updating the Site Title, Description, Logo, and URL""; ""Configuring Regional Settings for a Site""; ""Defining the Welcome Page"" 327 $a""Managing Site Navigation""""Customizing Quick Launch Navigation for Sites""; ""Configuring the Quick Launch Display: Tree View and Standard View""; ""Configuring Quick Launch Options""; ""Changing the Order of Quick Launch Items""; ""Adding New Headings and Links to the Quick Launch""; ""Editing Headings and Links in Quick Launch""; ""Delete Headings and Links in Quick Launch""; ""Customizing the Navigation Bar""; ""Updating Navigation Bar Inheritance Settings""; ""Changing the Order of Navigation Bar Items""; ""Adding New Headings and Links to the Navigation Bar"" 327 $a""Edit Headings and Links to the Navigation Bar"" 330 $aMicrosoft SharePoint 2013 provides a collection of tools and services you can use to improve user and team productivity, make information sharing more effective, and facilitate business decision?making processes. In order to get the most out of SharePoint 2013, you need to understand how to best use the capabilities to support your information management, collaboration, and business process management needs. The SharePoint 2013 User's Guide is designed to provide you with the information you need to effectively use these tools. Whether you are using SharePoint as an intranet or business solution platform, you will learn how to use the resources (such as lists, libraries, and sites) and services (such as search, workflow, and social) that make up these environments. In the fourth edition of this bestselling book, author Tony Smith walks you through the components and capabilities that make up a SharePoint 2013 environment. He provides step-by-step instructions for using and managing these elements, as well as recommendations for how to best leverage them. The author has brought together this information based on his extensive experience working with these tools and with business users who effectively leverage these technologies within their organizations. These real-world experiences were incorporated into the writing of this book to make it easy for you to gain the knowledge you need to make the most of the product. Pick up a copy of the SharePoint 2013 User's Guide today. 410 0$aExpert's voice in SharePoint. 606 $aIntranets (Computer networks) 606 $aWeb servers 615 0$aIntranets (Computer networks) 615 0$aWeb servers. 676 $a004 676 $a004.682 700 $aSmith$b Anthony$4aut$4http://id.loc.gov/vocabulary/relators/aut$0142848 801 0$bMiFhGG 801 1$bMiFhGG 906 $aBOOK 912 $a9910741174603321 996 $aSharePoint 2013 User's Guide$93554350 997 $aUNINA